| 000 | 00574nam a22001817a 4500 | ||
|---|---|---|---|
| 003 | NUST - PNEC | ||
| 005 | 20170116180808.0 | ||
| 008 | 150424b xxu||||| |||| 00| 0 eng d | ||
| 020 | _a9780023442070 | ||
| 040 | _cLIBRARY | ||
| 082 | _a363.11 GOE | ||
| 100 |
_93181 _aGoetsch, David L. |
||
| 245 |
_aIndustrial safety and health in the age of high technology : for technologists, engineers, and managers _cDavid L. Goetsch |
||
| 260 |
_aNew York _bMacmillan Publishing Company _cc1993. |
||
| 300 | _a563 p. : | ||
| 650 |
_93183 _aUnited States _xBS/MIS |
||
| 942 |
_2ddc _cBK |
||
| 999 |
_c63288 _d63288 |
||